000 00329cam a22001217a 4500
008 180718b1961 xxu||||| |||| 00| 0 eng d
082 _aA72x6 P931
100 _aPrice, Willard
245 _aIncredible Africa
_cby Willard Price
260 _aLondon
_bHeinemann
_c1961
300 _a213p.
650 _aAfrica -Description and travel.
999 _c413870
_d413870